00704 2200253 4500001002100000005001500021035002000036007000300056008004100059020002200100082001100122084001700133100003100150245008000181250001000261260003600271300003500307650001500342650002100357700001900378504002900397990001200426990001200438INLIS00000000000285520190114124101 a0010-0119000207ta190114 g 0 ind  a978-602-280-965-4 a363.73 a363.73 OKS i0 aOKSFRIANI, Jufri Sumampouw1 aIndikator Pencemaran Lingkungan /cOksfriani Jufri Sumampouw, Yenni Risjani acet.1 aYogyakarta :bDeepublish,c2015 avi, 43 hlm. :bilus. ;c20 cm. aPENCEMARAN aASPEK LINGKUNGAN0 aYENNI, Risjani aBibliografi : hlm. 29-43 a16922 a a16922 b